[Event "Europe Echecs online op April"]
[Site "Europe Echecs INT"]
[Date "2020.04.11"]
[Round "9"]
[White "Boury, Francois"]
[Black "Le Fournier, Pascal"]
[Result "0-1"]
[WhiteElo "1938"]
[BlackElo "1837"]
[PlyCount "114"]
[EventDate "2020.04.11"]
[EventType "swiss (blitz)"]
[EventRounds "11"]
[EventCountry "FRA"]
[SourceTitle "EXT 2021"]
[Source "ChessBase"]
[SourceDate "2020.10.23"]
[SourceVersion "1"]
[SourceVersionDate "2020.10.23"]
[SourceQuality "1"]

1. c4 f5 2. g3 Nf6 3. Bg2 e6 4. Nc3 c6 5. d3 d5 6. Nf3 Bd6 7. 0-0 0-0 8. e4 fxe4 9. dxe4 dxe4 10. Ng5 e5 11. Ncxe4 Bc7 12. Qe2 Bf5 13. Rd1 Qe7 14. Be3 Nbd7 15. Rd2 Nxe4 16. Nxe4 Bxe4 17. Bxe4 Nc5 18. Bg2 Rad8 19. Rad1 Rxd2 20. Rxd2 Rd8 21. b3 Ne6 22. Qd1 Rxd2 23. Qxd2 Qd6 24. Qxd6 Bxd6 25. Kf1 Nd4 26. Be4 g6 27. Ke1 a6 28. Kd2 Bb4+ 29. Kd1 Kf7 30. Bd2 Bxd2 31. Kxd2 Ke6 32. Kd3 Nf5 33. Bg2 Nd6 34. Bh3+ Kf6 35. b4 b6 36. f3 c5 37. a3 a5 38. bxa5 bxa5 39. Bd7 g5 40. Bc6 h5 41. Bd5 Nf5 42. Ke4 Nd4 43. Bg8 Nc2 44. a4 Na3 45. Bd5 Nc2 46. Bc6 Nb4 47. Bb5 Nc2 48. Kd5 Nd4 49. Kxc5 Nxf3 50. Kd6 e4 51. c5 e3 52. c6 Ne5 53. c7 Nf7+ 54. Kc6 e2 55. c8Q e1Q 56. Be2 Qc3+ 57. Kb7 Nd6+ 0-1